000
00155nam a22000857a 4500
082
_a
ELD
100
_a
Eldonna L Evertts
245
_a
Crossroads
942
_c
BK
999
_c
16998
_d
16998